000
00311nam a2200121Ia 4500
008
191201s2007 xx 000 0 und d
100
_a
RAFIQUZZAMAN, M
245
0
_a
Microprocessors Theory and Application Intel and Motorola
260
_a
N.Delhi
_b
PHI
_c
2007
300
_a
468
650
_a
MBA
942
_2
ddc
_c
BK
999
_c
3168
_d
3168